Meghnagi v Hackney LBC (Record no. 80666)
[ view plain ]
| 000 -LEADER | |
|---|---|
| fixed length control field | 01814cad a22001935a 4500 |
| 001 - CONTROL NUMBER | |
| control field | L144955 |
| 008 - FIXED-LENGTH DATA ELEMENTS--GENERAL INFORMATION | |
| fixed length control field | 080826e20071220xxk f v 000 0 eng d |
| 035 ## - SYSTEM CONTROL NUMBER | |
| System control number | (Sirsi) u144955 |
| 041 0# - LANGUAGE CODE | |
| Language code of text/sound track or separate title | eng |
| 245 00 - TITLE STATEMENT | |
| Title | Meghnagi v Hackney LBC |
| Medium | [electronic resource] |
| 260 ## - PUBLICATION, DISTRIBUTION, ETC. | |
| Date of publication, distribution, etc. | 2008 |
| 520 ## - SUMMARY, ETC. | |
| Summary, etc. | [2008] EWCA Civ 919, 20 December 2007. The freehold interest in a house in hackney was valued at £147 500 as at November 2000, when the house became vested in the local authority after a compulsory purchase. Claimant (M) asked the tribunal to determine the compensation payable to him after the respondent local authority (H) used compulsory purchase to acquire his house. M had left the property in 1993, although his wife and children remained in it until 1997. The property was then left derelict. H decided to sell the property at auction and then withdrew it, instead asking for informal tenders. M argued that the property was worth £320 000, H £120 000. Held: appeal dismissed. Figure was assessed at £147 500 - reached by taking the highest figure offered to H for the property (£135 000) and adding legal and valuation costs in addition to a 15% increase as the high bidder had overestimated the remedial works required to return the property to a habitable condition. This figure was £163 500, and was subsequently adjusted downwards to reflect the difference between Land Registry indexes between the valuation date of November 2007 and the offer date of July 2001. |
| 590 ## - LOCAL NOTE (RLIN) | |
| Local note | KA |
| 650 24 - SUBJECT ADDED ENTRY--TOPICAL TERM | |
| Topical term or geographic name entry element | MEGHNAGI V HACKNEY LBC |
| 651 #4 - SUBJECT ADDED ENTRY--GEOGRAPHIC NAME | |
| Geographic name | United Kingdom |
| Chronological subdivision | |
| 690 ## - LOCAL SUBJECT ADDED ENTRY--TOPICAL TERM (OCLC, RLIN) | |
| Topical term or geographic name as entry element | ENVIRONMENTAL AND LAND CONSULTANCY-PLANNING AND DEVELOPMENT-COMPULSORY PURCHASE AND COMPENSATION |
| 856 40 - ELECTRONIC LOCATION AND ACCESS | |
| Uniform Resource Identifier | <a href="https://www.bailii.org/ew/cases/EWCA/Civ/2008/919.html">https://www.bailii.org/ew/cases/EWCA/Civ/2008/919.html</a> |
| Public note | View the case free of charge online at www.bailii.org... |
| 942 ## - ADDED ENTRY ELEMENTS (KOHA) | |
| Suppress in OPAC | 0 |
| Withdrawn status | Lost status | Source of classification or shelving scheme | Damaged status | Not for loan | Home library | Current library | Shelving location | Date acquired | Total Checkouts | Full call number | Barcode | Date last seen | Copy number | Price effective from | Koha item type |
|---|---|---|---|---|---|---|---|---|---|---|---|---|---|---|---|
| Dewey Decimal Classification | Virtual | Virtual | Online | 26/08/2008 | ONLINE PUBLICATION | 144955-1001 | 06/08/2019 | 1 | 06/08/2019 | Law report |